বাচ্চা ভয়ংকর কাচ্চা ভয়ংকর /

Manylion Llyfryddiaeth
Prif Awdur: ইকবাল, মুহম্মদ জাফর
Fformat: Llyfr
Iaith:Bengali
Cyhoeddwyd: ঢাকা : অনুপম প্রকাশনী, ১৯৯৮ [চতুর্দশ মুদ্রণ ২০১৮].
Pynciau:
Classic Catalogue: View this record in Classic Catalogue
LEADER 01201nam a22002657a 4500
001 34847
003 BD-DhAAL
005 20250826131120.0
008 190723r20181998bg ||||| |||| 00| 1 ben d
020 |a 9789844043008 
040 |a BD-DhAAL 
041 |a BEN 
082 |2 23  |a 891.44371 
100 |a ইকবাল, মুহম্মদ জাফর.  |9 33030 
245 |a বাচ্চা ভয়ংকর কাচ্চা ভয়ংকর /  |c মুহম্মদ জাফর ইকবাল. 
246 |a Bachcha bhyonkar kachcha bhyonkar 
260 |a ঢাকা :  |b অনুপম প্রকাশনী,  |c ১৯৯৮ [চতুর্দশ মুদ্রণ ২০১৮]. 
300 |a ১০৪ পৃষ্ঠা ;  |c ২২ সে.মি. 
526 |a Residential Campus 
541 |a Development Book Agency   |e 34847 
650 |a Bengali fiction  |z Bangladesh.  |9 33031 
852 |a Savar Campus Library  |c General Stacks 
942 |2 ddc  |c BK 
999 |c 40930  |d 40930 
952 |0 0  |1 0  |2 ddc  |4 0  |6 891_443710000000000_IQB  |7 0  |9 65694  |a SCL  |b SCL  |c GEN  |d 2019-07-17  |e Development Book Agency  |g 158.00  |l 6  |m 1  |o 891.44371 IQB  |p 3020034847  |q 2026-06-04  |r 2026-05-21  |s 2026-05-21  |t 1  |v 158.00  |w 2019-07-17  |y BK